• 首页
  • 本馆介绍
  • 公告通知
  • 最新文献
  • 馆藏检索
  • 电子资源
  • 读者导购
  • 参考咨询
  • 我的图书馆
  • 登录
  • 详细信息显示
  • 放入我的书架
  • 预约/预借图书
  • 作者相关作品
  • 分类相关作品
  • 丛书相关作品
  • 出版社相关作品

书目信息

  • 表格格式
  • 工作单格式
  • 卡片格式
题名:
统计基础
    
 
作者: 张俊清 , 邱学林 主编
分册:  
出版信息: 北京   中国人民大学出版社  2014
页数: 235页
开本: 26cm
丛书名:
单 册:
中图分类: C8
科图分类:
主题词: 统计学--高等职业教育--教材
电子资源:
ISBN: 978-7-300-18348-0
000 01031nam0 2200253 450
001 338676
005 20150603150932.07
010    @a978-7-300-18348-0@dCNY29.00
100    @a20140421d2014 em y0chiy50 ea
101 0  @achi
102    @aCN@b110000
105    @ay z 000yy
106    @ar
200 1  @a统计基础@Atong ji ji chu@f张俊清, 邱学林主编
210    @a北京@c中国人民大学出版社@d2014
215    @a235页@d26cm
300    @a21世纪高职高专会计类专业课程改革规划教材
330    @a本书以统计工作过程“统计设计-统计调查-统计整理-统计分析”为主线, 设计了九个模块, 内容包括: 认识统计、统计调查、统计整理、综合指标分析、时间数列分析、统计指数分析、抽样推断分析、相关与回归分析、认识和撰写统计分析报告。每个模块细分为多个不同的任务, 引导学生逐步完成, 最终实现相应的知识目标和能力目标。
606 0  @a统计学@x高等职业教育@j教材
690    @aC8@v5
701  0 @a张俊清@Azhang jun qing@c(女, @f1983)@4主编
701  0 @c(蒙族)@a邱学林@Aqiu xue lin@f(1980)@4主编
801  0 @aCN@b卓展宏图@c20150525
905    @dC8@e112@f4
    
    统计基础/张俊清, 邱学林主编.-北京:中国人民大学出版社,2014
    235页;26cm
    21世纪高职高专会计类专业课程改革规划教材
    
    ISBN 978-7-300-18348-0:CNY29.00
    本书以统计工作过程“统计设计-统计调查-统计整理-统计分析”为主线, 设计了九个模块, 内容包括: 认识统计、统计调查、统计整理、综合指标分析、时间数列分析、统计指数分析、抽样推断分析、相关与回归分析、认识和撰写统计分析报告。每个模块细分为多个不同的任务, 引导学生逐步完成, 最终实现相应的知识目标和能力目标。
●
相关链接 在E读中查询图书 在五车中查询图书 在当当中查询图书 在豆瓣中查询图书


正题名:统计基础     索取号:C8/112         预约/预借

序号 登录号 条形码 馆藏地/架位号 状态 备注
1 860079   208600799   第一样本阅览室/ [索取号:C8/112] 在馆    
2 860080   208600806   第一借阅区/ [索取号:C8/112] 在馆    
3 860081   208600815   第一借阅区/ [索取号:C8/112] 在馆    
4 860082   208600824   第一借阅区/ [索取号:C8/112] 在馆    
唐山师范学院图书馆 欢迎您!
大连网信软件有限公司© 版权所有